| 000 | 01527cam a22001814a 4500 | ||
|---|---|---|---|
| 005 | 20250605164356.0 | ||
| 008 | 250528s ||||||||||||||||||||||||d | ||
| 035 | _a24336 | ||
| 040 |
_aGR-AtMCL _bgre _dGR-AtMCL _eAACR2 |
||
| 245 | 1 | _aΡαχοκοκκαλιά της Ελληνικής Οικονομίας οι Οικογενειακές Επιχειρήσεις / Τα Επιχειρηματικά Σχήματα της Θ.Ε.Α. | |
| 260 |
_bΕμπορικό Και Βιομηχανικό Επιμελητήριο Αθηνών, _c2015 |
||
| 300 | _a64 | ||
| 520 | _aΔήλωση του Προέδρου του Ε.Β.Ε.Α. στο CNN, Συνάντηση της Λέσχης των Ευρωπαϊκών Μητροπολιτικών Επιμελητηρίων, Πλατφόρμα e-learning (εξ Αποστάσεως Εκπαίδευση) στο Ε.Β.Ε.Α.), ΘΕΑματικό 'Παρών΄' στο Pioneers Festival της Βιέννης, Συμφωνία σε Τεχνοκρατικό Επίπεδο είναι Δύσκολο να Επιτευχθεί, Ανυπολόγιστες οι Ζημιές για τις Μικρομεσαίες Επιχειρήσεις, Στρατηγικής Σημασίας για την Ελλάδα το Φυσικό Αέριο, Οι Πρωταθλητές των Εξαγωγών, Χώρος Διαχείρισης Απορριμμάτων το Ελληνικό. | ||
| 700 | 1 |
_aΜίχαλος Κωνσταντίνος _94319 |
|
| 942 | _cCR | ||
| 999 |
_c9225 _d9225 |
||